000 00235nam a2200097Ia 4500
001 706142
005 20250826162443.0
008 250824s9999 xx 000 0 und d
245 0 _aSAFAHAT
_cMEHMET AKİF ERSOY
260 _bDERGAH YAYINLARI
999 _c706142
_d706142